Perfect - One Direction (All Lyrics) - Statistics

General Stats
  • This quiz has been taken 1,990 times
  • The average score is 354 of 431
Answer Stats
Perfect % Correct
Verse 1 | Verse 2 I
99%
you
98%
perfect
96%
the
96%
to
95%
To
95%
And
94%
be
94%
if
94%
If
94%
in
94%
like
94%
we
94%
your
93%
baby
92%
Baby
92%
for
92%
room
92%
Pre-Chorus When
92%
do
91%
i'm
91%
can
90%
go
88%
one
87%
that
87%
Then
87%
hotel
86%
you're
86%
But
84%
never
84%
what
83%
things
82%
were
82%
we're
82%
saw
81%
first
80%
from
80%
know
80%
rooms
80%
secret
80%
shouldn't
80%
can't
78%
home
78%
little
78%
might
78%
tonight
78%
who
78%
across
77%
having
77%
mother
77%
trouble
77%
could
76%
take
76%
causing
75%
looking
75%
oh
75%
places
75%
tell
75%
up
75%
about
74%
down
74%
even
74%
going
74%
So
74%
windows
74%
Cause
73%
flowers
73%
not
72%
yeah
72%
curious
71%
shining
71%
with
71%
knight
70%
pronounce
70%
brings
69%
driving
69%
at
67%
dreaming
67%
hope
66%
making
66%
promises
66%
sure
66%
been
65%
Girl
65%
good
65%
midnight
64%
armour
63%
you've
63%
now
62%
whatever
62%
right
60%
let's
59%
rendezvous
57%
start
57%
time
54%
heart
46%
love
46%
want
41%
put
40%
don't
38%
every
37%
mean
36%
out
36%
songs
35%
hold
34%
breakup
33%
cameras
33%
Or
33%
any
32%
flashing
32%
moment
31%
someone
31%
write
31%
arms
30%
hands
30%
here
30%
live
30%
them
23%
No matching quizzes found
Score Distribution
Percent of People with Each Score
Percentile by Number Answered
Your Score History
You have not taken this quiz